Vainqueurs du Tour cycliste de Martinique - Depuis 2000 - Statistiques

Statistiques générales
  • Ce quiz a été pris 4 fois
    3 depuis la dernière actualisation
  • Le résultat moyen est 9 sur 24
Statistiques - réponses
Année Nationalité Vainqueur % Correct
2023 France Eddy-Michel Cadet-Marthe
100%
2004 France Hervé Arcade
100%
2018 France Mickaël Stanislas
100%
2010 Japon Miyataka Shimizu
100%
2000 Australie Cameron Hugues
50%
2012 France Cédric Eustache
50%
2014 France Cédric Eustache
50%
2025 France Damien Urcel
50%
2019 Venezuela Eduin Becerra
50%
2024 France Stefan Bennett
50%
2008 France Willy Roseau
50%
2016 France Yolan Sylvestre
50%
2017 Venezuela Yonathan Salinas
50%
2013 France Camille Chancrin
0%
2022 Colombie Diego Soraca Cabezas
0%
2005 France Frédéric Delalande
0%
2011 France Guillaume Malle
0%
2001 France Jérôme Guisneuf
0%
2006 Royaume-Uni Jonathan Dayus
0%
2015 France Julien Liponne
0%
2002 France Lionel Genthon
0%
2007 France Louis Teplier
0%
2009 France Timothée Lefrançois
0%
2003 France Willy Noyon
0%
Aucun quiz correspondant
Distribution des résultats
% des personnes avec chaque résultat
Percentile par nombre de réponses
Votre historique - résultats
Vous n’avez pas pris ce quiz depuis la dernière actualisation